000 01036nam a22002777a 4500
005 20100715162340.0
008 100715t xxu||||| |||| 00| 0 eng d
010 _aENG-96409
020 _a9780070703674
_c295.00
020 _a0070703671
_c295.00
035 _aEN-79942
037 _bD.B.Act / Pub
040 _aDpl
_bEng
082 _a650.1
100 _aRao, Srikumar S.
245 _aHappiness at work :
_cby Srikumar S. Rao
_bbe resilient, motivated, and successful--no matter what /
260 _aNew Delhi
_bTata McGraw-Hill Publishing
_c2010
270 _a7, West Patel Nagar
_bNew Delhi
_cDelhi
_e110008
300 _axix, 235 p
_c22 cm. (pbk)
500 _aIncludes index.
650 _aJob satisfaction.
650 _aSuccess in business.
650 _a Work
_xPsychological aspects.
942 _adpl
_cEN
_2ddc
_h650.1
_mRAO
999 _c36979
_d36979